Five Most Guessed Movies by Director - Statistics

General Stats
  • This quiz has been taken 710 times
  • The average score is 19 of 40
Answer Stats
Category Movies % Correct
Quentin Tarantino Pulp Fiction
87%
Christopher Nolan The Dark Knight
76%
Steven Spielberg E.T.: The Extra-Terrestrial
74%
Christopher Nolan Inception
73%
Quentin Tarantino Kill Bill: vol. 1
70%
Alfred Hitchcock Psycho
70%
Quentin Tarantino Django Unchained
68%
Christopher Nolan Interstellar
68%
Christopher Nolan Oppenheimer
65%
Steven Spielberg Jurassic Park
64%
Steven Spielberg Jaws
63%
Martin Scorsese Goodfellas
61%
Quentin Tarantino Reservoir Dogs
61%
Stanley Kubrick 2001: A Space Odyssey
59%
Quentin Tarantino Once Upon a Timein Hollywood
58%
Alfred Hitchcock The Birds
56%
Wes Anderson The Grand Budapest Hotel
54%
Stanley Kubrick The Shining
53%
Stanley Kubrick A Clockwork Orange
52%
Steven Spielberg Raiders of the Lost Ark
47%
Martin Scorsese Taxi Driver
47%
Alfred Hitchcock Vertigo
47%
Stanley Kubrick Eyes Wide Shut
44%
Coen Brothers Fargo
43%
Coen Brothers No Country for Old Men
43%
Alfred Hitchcock Rear Window
41%
Wes Anderson Fantastic Mr. Fox
39%
Martin Scorsese The Wolf of Wall Street
38%
Christopher Nolan Dunkirk
36%
Steven Spielberg Saving Private Ryan
30%
Martin Scorsese Shutter Island
29%
Stanley Kubrick Full Metal Jacket
28%
Alfred Hitchcock North by Northwest
28%
Coen Brothers The Big Lebowski
27%
Wes Anderson The Royal Tenenbaums
25%
Wes Anderson Isle of Dogs
22%
Martin Scorsese Killers of the Flower Moon
22%
Coen Brothers O Brother, Where Art Thou?
21%
Wes Anderson Asteroid City
17%
Coen Brothers Hail, Caesar!
7%
No matching quizzes found
Score Distribution
Percent of People with Each Score
Percentile by Number Answered
Your Score History
You have not taken this quiz